Central Library OPAC University of Rajshahi

Revolution and counter-revolution, or, Germany in 1848 / (Record no. 35771)

MARC details
000 -LEADER
fixed length control field 01041nam a2200277 4500
001 - CONTROL NUMBER
control field 35771
003 - CONTROL NUMBER IDENTIFIER
rucl marc code BD-RjUL
005 - DATE AND TIME OF LATEST TRANSACTION
control field 20211209052357.0
008 - FIXED-LENGTH DATA ELEMENTS--GENERAL INFORMATION
fixed length control field 140609r19521891enk 00000 eng d
035 ## - SYSTEM CONTROL NUMBER
System control number (BD-RjUL)35866
040 ## - CATALOGING SOURCE
Modifying agency NU
Original cataloging agency BD-RjUL
Language of cataloging eng
Transcribing agency BD-RjUL
041 ## - LANGUAGE CODE
Language code of text/sound track or separate title eng
082 04 - DEWEY DECIMAL CLASSIFICATION NUMBER
Classification number 943.07
Author mark and year MAR 1952
100 1# - MAIN ENTRY--PERSONAL NAME
Personal name Marx, Karl
Dates associated with a name 1820-1895.
9 (RLIN) 108963
245 10 - TITLE STATEMENT
Title Revolution and counter-revolution, or, Germany in 1848 /
Statement of responsibility, etc. Karl Marx ; edited by Eleanor Marx Aveling.
260 ## - PUBLICATION, DISTRIBUTION, ETC. (IMPRINT)
Place of publication, distribution, etc. London :
Name of publisher, distributor, etc. Allen and Unwin,
Date of publication, distribution, etc. 1891 [Reprinted 1952]
300 ## - PHYSICAL DESCRIPTION
Pagination xi, 148 p. ;
Size 21 cm.
500 ## - GENERAL NOTE
General note Reprint. Originally published: 1952.
General note These articles first appeared in the New York Tribune, 1851-52, in a series on which Marx and Engels collaborated.
650 #0 - SUBJECT ADDED ENTRY--TOPICAL TERM
Topical term or geographic name as entry element Communism
Geographic subdivision Germany.
9 (RLIN) 14659
651 #0 - SUBJECT ADDED ENTRY--GEOGRAPHIC NAME
Geographic name Austria
General subdivision History
Chronological subdivision Revolution, 1848-1849.
9 (RLIN) 108964
Geographic name Germany
General subdivision History
Chronological subdivision Revolution, 1848-1849.
9 (RLIN) 108965
700 1# - ADDED ENTRY--PERSONAL NAME
Personal name Aveling, Eleanor Marx,
Dates associated with a name 1855-1898.
942 ## - ADDED ENTRY ELEMENTS (KOHA)
Source of classification or shelving scheme Dewey Decimal Classification
Koha item type Books
Holdings
Lost status Source of classification or shelving scheme Damaged status Not for loan Collection code Permanent Location Current Location Shelving location Date acquired Source of acquisition Cost, normal purchase price Total Checkouts Full call number Date last seen Copy number Koha item type
  Dewey Decimal Classification     Non-fiction Central Library, University of Rajshahi Central Library, University of Rajshahi   02/01/1965 Zeitlinger 56.00   943.07 MAR 1952 09/06/2014 C-3 Books
  Dewey Decimal Classification   Not For Loan Non-fiction Central Library, University of Rajshahi Central Library, University of Rajshahi Reading Room 02/01/1965 Zeitlinger 56.00   943.07 MAR 1952 09/06/2014 C-1 Books
  Dewey Decimal Classification     Non-fiction Central Library, University of Rajshahi Central Library, University of Rajshahi   02/01/1965 Zeitlinger 56.00   943.07 MAR 1952 11/06/2014 C-2 Books
  Dewey Decimal Classification     Non-fiction Central Library, University of Rajshahi Central Library, University of Rajshahi   02/01/1965 Zeitlinger 56.00   943.07 MAR 1952 11/06/2014 C-4 Books